000 00226 a2200097 4500
001 52007
100 _aLang, D G
245 _aAircraft Stability & Control (Vol-I)
260 _aNew York
_bJohn Wiley
_c
090 _c32814
_d32814
942 _aNUST-CAE
_cM
_c25352
999 _c287080
_d287080